Sports Quiz

Random Sports or NCAA Quiz

University Without State's Name per State Quiz Stats

 Plays Quiz Updated Mar 28, 2012

Challenge
Share
Tweet
Embed
Score 0/36 Timer 07:00
9 Plays Today
State University % Correct
CaliforniaPacific, Stanford, ...
89.3%
AlabamaAuburn, Troy, ...
83.9%
FloridaJacksonville, Miami, ...
82.5%
MassachusettsBoston College, Harvard, ...
78.6%
IndianaNotre Dame, Purdue, ...
78%
New YorkArmy, Cornell, ...
77.9%
North CarolinaDuke, Wake Forest, ...
77.4%
TexasBaylor, Rice, ...
74.2%
PennsylvaniaPittsburgh, Temple, ...
73.6%
OhioCincinnati, Xavier, ...
73%
ColoradoAir Force, Denver
70.7%
IllinoisDePaul, Northwestern, ...
69.8%
IdahoBoise State
68%
TennesseeMemphis, Vanderbilt, ...
66.4%
UtahBrigham Young, Weber State
66.1%
ConnecticutFairfield, Yale, ...
66.1%
KentuckyLouisville, Murray State, ...
66%
South CarolinaThe Citadel, Winthrop, ...
63.4%
State University % Correct
Rhode IslandBrown, Providence, ...
59.5%
VirginiaGeorge Mason, Hampton, ...
58.1%
LouisianaSouthern, Tulane, ...
58%
WashingtonGonzaga, Seattle
55.6%
New JerseyPrinceton, Seton Hall, ...
53.4%
MichiganDetroit, Oakland
48.1%
MarylandNavy, Towson, ...
47.7%
OklahomaOral Roberts, Tulsa
45.2%
MissouriSaint Louis
42.8%
OregonPortland, Portland State
42.2%
West VirginiaMarshall
40.5%
WisconsinMarquette
38.9%
New HampshireDartmouth
36.5%
NebraskaCreighton
33%
KansasWichita State
28.9%
MississippiAlcorn State, Jackson State
24%
IowaDrake
23.6%
GeorgiaKennesaw State, Savannah State, ...
22.8%

You're not logged in!

Compare scores with friends on all Sporcle quizzes.
Join for Free
OR
Log In

You Might Also Like...

Show Comments

Extras

Top Quizzes Today


Score Distribution

Your Account Isn't Verified!

In order to create a playlist on Sporcle, you need to verify the email address you used during registration. Go to your Sporcle Settings to finish the process.

Report this User

Report this user for behavior that violates our Community Guidelines.

Details: